| 000 | 00903cam a2200265 4500 | ||
|---|---|---|---|
| 001 | 30226 | ||
| 003 | BD-RjUL | ||
| 005 | 20211209051531.0 | ||
| 008 | 140409t19701968enka b 001 0 eng | ||
| 035 | _a(BD-RjUL)30311 | ||
| 040 |
_aDLC _cDLC _dDLC _dBD-RjUL _beng |
||
| 041 | _aeng | ||
| 082 | 0 | 0 |
_a153.15 _bSTL 1970 |
| 100 | 1 |
_aStaats, Arthur W. _991885 |
|
| 245 | 1 | 0 |
_aLearning, language, and cognition : _btheory, research, and method for the study of human behavior and its development / _c[by] Arthur W. Staats. |
| 260 |
_aLondon ; _aNew York : _bHolt, Rinehart and Winston, _cc1968 [1970]. |
||
| 300 |
_axvii, 614 p. : _billus. ; _c24 cm. |
||
| 504 | _aBibliography: p. 585-595 and indexes. | ||
| 650 | 0 |
_aLearning, Psychology of. _991886 |
|
| 650 | 0 |
_aChildren _xLanguage. _989132 |
|
| 650 | 0 |
_aCognition in children. _93701 |
|
| 942 |
_2ddc _cBK |
||
| 999 |
_c30226 _d30226 |
||